000 01490cam a22004215a 4500
003 EG-ScBUE
005 20220628121501.0
006 m||||fq||h 00| 0
008 120228r20092007enka af 000 0 eng d
020 _a9780521672641 (set of 5 audio CD's)
020 _a0521672643 (set of 5 audio CD's)
020 _a9780521693769 (book w/CD's)
020 _a0521693764 (book w/CD's)
020 _a9780521693707 (CD-ROM)
020 _a0521693705 (CD-ROM)
020 _a9780521693738 (CD-ROM, pbk., and CDs pack)
020 _a052169373X (CD-ROM, pbk., and CDs pack)
040 _aEG-ScBUE
_beng
_erda
_cEG-ScBUE
_dEG-ScBUE
082 0 4 _a421.52
_bMAR
_222
100 1 _aMarks, Jonathan,
_eauthor.
_929142
245 1 0 _aEnglish pronunciation in use :
_bself study and classroom use,
_pElementary /
_cJonathan Marks.
246 3 0 _aElementary
250 _aReprinted edition.
264 1 _aCambridge :
_bCambridge University Press,
_c2009.
300 _a166 pages ;
_billustrations :
_c27 cm +
_e5 audio CD
336 _2rdacontent
_atext
_btxt
336 _2rdacontent
_asounds
_bsnd
337 _2rdamedia
_aunmediated
_bn
337 _2rdamedia
_aaudio
_bs
338 _2rdacarrier
_avolume
_bnc
338 _2rdacarrier
_acomputer disc
_bcd
650 7 _aEnglish language
_vTextbooks for foreign speakers.
_2BUEsh
650 7 _aEnglish language
_xPronunciation.
_2BUEsh
651 _2BUEsh
653 _bHHUUEENN
_cAugust2018
655 _vReading book
_934232
942 _2ddc
_cBB
999 _c16527
_d16527